|
|
|
|
| LEADER |
01338nam a2200313 i 4500 |
| 001 |
c000237006 |
| 003 |
CARM |
| 005 |
00000000000000.0 |
| 008 |
840301s1978 cau 0 eng d |
| 019 |
1 |
|
|a 1405354
|z 41555923
|z 57986961
|5 LACONCORD2021
|
| 020 |
|
|
|a 0931050057
|
| 035 |
|
|
|a (OCoLC)4865125
|5 LACONCORD2021
|
| 082 |
0 |
4 |
|a 331.3/4/091724
|
| 245 |
0 |
0 |
|a Education and youth employment in less developed countries :
|b Mexico /
|c by Alberto Hernandez Medina and Carlos Munoz Izquierda ; South Asia ; by Manzoor Ahmed.
|
| 250 |
|
|
|a 1st ed.
|
| 260 |
|
|
|a Berkeley, Calif. :
|b Carnegie Council on Policy Studies in Higher Education,
|c c1978.
|
| 300 |
|
|
|a x, 115 p. ;
|c 23 cm.
|
| 440 |
|
0 |
|a Education and youth employment in contemporary societies
|
| 504 |
|
|
|a Includes bibliographies.
|
| 650 |
|
0 |
|a Youth
|x Employment
|z Mexico.
|
| 650 |
|
0 |
|a Youth
|x Employment
|z South Asia.
|
| 650 |
|
0 |
|a Education
|z Mexico.
|
| 650 |
|
0 |
|a Education
|z South Asia.
|
| 700 |
2 |
|
|a Hernández Medina, Alberto.
|t Mexico.
|
| 700 |
2 |
|
|a Muñoz Izquierdo, Carlos.
|t Mexico.
|
| 700 |
1 |
|
|a Ahmed, Manzoor,
|d 1940-
|t South Asia.
|
| 852 |
8 |
|
|b CARM
|h A1:AP08C0
|i B07305
|p 0362602
|f BK
|
| 999 |
f |
f |
|i 919365c2-f436-5b14-a7b8-05d2300e4504
|s cd8fb07f-7b5f-55a8-9c87-83a0ae9e823d
|
| 952 |
f |
f |
|p Can circulate
|a CAVAL
|b CAVAL
|c CAVAL
|d CARM 1 Store
|e B07305
|f A1:AP08C0
|h Other scheme
|i book
|m 0362602
|